01436nam a2200361Ia 4500001001200000003000800012006001900020007001500039008004100054010001700095020001500112020002800127040002100155035002100176050002300197082002000220100003500240245010100275260004300376300001400419504005100433533015200484650005700636650005700693650004900750650003200799650002700831650002700858655002900885710001700914856012600931999001701057ebr10150443CaPaEBRm u cr cn|||||||||050901s2006 nyu sb 001 0 eng d z 2005044602 z140398283X z1403965137 (alk. paper) aCaPaEBRcCaPaEBR a(OCoLC)56796282214aPR590b.R57 2006eb04a821/.7091452221 aRobinson, Jeffrey Cane,d1943-10aUnfettered poetryh[electronic resource] :bfancy in British Romanticism /cJeffrey C. Robinson. aNew York :bPalgrave Macmillan,c2006. ax, 301 p. aIncludes bibliographical references and index. aElectronic reproduction.bPalo Alto, Calif. :cebrary,d2009.nAvailable via World Wide Web.nAccess may be limited to ebrary affiliated libraries. 0aEnglish poetryy19th centuryxHistory and criticism. 0aExperimental poetry, EnglishxHistory and criticism. 0aInvention (Rhetoric)xHistoryy19th century. 0aRomanticismzGreat Britain. 0aFantasy in literature. 0aVisions in literature. 7aElectronic books.2local2 aebrary, Inc.40uhttp://site.ebrary.com/lib/rucke/Doc?id=10150443zAn electronic book accessible through the World Wide Web; click to view c94620d94620